000 00275nam a2200109Ia 4500
008 200302s9999 xx 000 0 und d
100 _aMatthew Frederick
245 _a101 Things I Learned in Architecture School
260 _bThe Mit Press
260 _c2007
300 _a101 P.,
999 _c2747
_d2747